000 00674nam a2200217 a 4500
001 22741
003 BD-RjUL
005 20211209000839.0
008 140309s1963 enk 001 0 eng d
035 _a(BD-RjUL)22806
040 _aBD-RjUL
_beng
_cBD-RjUL
_dBD-RjUL
041 _aeng
082 0 0 _a823.912
_bBEA 1963
100 1 _aBeer, John B.
_956780
245 1 4 _aThe achievement of E.M. Forster /
_cby J.B. Beer
260 _aLondon :
_bChatto & Windus,
_c1963
300 _a225 p. ;
_c23 cm
504 _aIncludes bibliographical references and index
600 1 0 _aForster, E. M.
_q(Edward Morgan),
_d1879-1970
_xCriticism and interpretation.
_970156
942 _2ddc
_cBK
999 _c22741
_d22741